书目信息 |
| 题名: |
道理就在故事中
|
|
| 作者: | 范修初 主编 | |
| 分册: | ||
| 出版信息: | 北京 中国妇女出版社 2010.04 |
|
| 页数: | 272页 | |
| 开本: | 23cm | |
| 丛书名: | ||
| 单 册: | ||
| 中图分类: | B825 , I14 | |
| 科图分类: | ||
| 主题词: | 故事--gu shi--世界--选集 , 个人--ge ren--修养--通俗读物 | |
| 电子资源: | ||
| ISBN: | 7-80203-145-1 | |
| 000 | 00952nam0 2200289 450 | |
| 001 | CAL 012005131534 | |
| 005 | 20110302110830.87 | |
| 010 | @a7-80203-145-1@dCNY29.80 | |
| 099 | @aCAL 012005131534 | |
| 100 | @a20051118d2010 em y0chiy0121 ea | |
| 101 | 0 | @achi |
| 102 | @aCN@b110000 | |
| 105 | @ay z 000fy | |
| 200 | 1 | @a道理就在故事中@Adao li jiu zai gu shi zhong@f范修初主编 |
| 205 | @a第2版 | |
| 210 | @a北京@c中国妇女出版社@d2010.04 | |
| 215 | @a272页@d23cm | |
| 300 | @a小故事大道理精华本 | |
| 330 | @a本书收集、精选了近二百多则诙谐隽永的小故事,以修身为核心,围绕人的修养所涉及的方方面面,分六个部分,从不同的角度,揭示了人生自我修炼的内在意义和规律,具有较强的说服力和启发性。 | |
| 606 | 0 | @a故事@Agu shi@y世界@j选集 |
| 606 | 0 | @a个人@Age ren@x修养@j通俗读物 |
| 690 | @aB825@v4 | |
| 690 | @aI14@v4 | |
| 701 | 0 | @a范修初@Afan xiu chu@4主编 |
| 801 | 0 | @aCN@bCCAU@c20110302 |
| 905 | @aZUCC@dI14@eF140=2@f3 | |
| 998 | @aCCAU | |
| 道理就在故事中/范修初主编.-第2版.-北京:中国妇女出版社,2010.04 |
| 272页;23cm |
| 小故事大道理精华本 |
| ISBN 7-80203-145-1:CNY29.80 |
| 本书收集、精选了近二百多则诙谐隽永的小故事,以修身为核心,围绕人的修养所涉及的方方面面,分六个部分,从不同的角度,揭示了人生自我修炼的内在意义和规律,具有较强的说服力和启发性。 |
| ● |
| 相关链接 |
|
|
|
正题名:道理就在故事中
索取号:I14/F140=2
 
预约/预借
| 序号 | 登录号 | 条形码 | 馆藏地/架位号 | 状态 | 备注 |
| 1 | 1188201 | 211882015 | 文学库108/108文学库 2排2列3层/ [索取号:I14/F140=2] | 在馆 | |
| 2 | 1188202 | 211882024 | 文学库108/108文学库 2排2列3层/ [索取号:I14/F140=2] | 在馆 | |
| 3 | 1188203 | 211882033 | 文学库108/108文学库 2排2列3层/ [索取号:I14/F140=2] | 在馆 |